[Event "Olimpiade 2022 - Open"]
[Site "Chennai"]
[Date "06.08.2022"]
[Round "8.15"]
[Board "4"]
[White "Brunello, Sabino"]
[Black "Ceres, Dragos"]
[Result "1/2-1/2"]
[WhiteTitle "GM"]
[BlackTitle "IM"]
[WhiteElo "2520"]
[BlackElo "2378"]
[WhiteTeam "Italy"]
[BlackTeam "Moldova"]
[WhiteFideId "813613"]
[BlackFideId "13905864"]
[EventDate "2022.07.29"]

1. d4 d5 2. c4 e6 3. Nc3 h6 4. Nf3 Nf6 5. g3 Bd6 6. Bg2 Nc6 7. O-O O-O 8. c5 Be7
9. Rb1 Ne4 10. Qc2 e5 11. Nxe4 dxe4 12. Qxe4 f5 13. Qe3 e4 14. Nd2 Be6 15. b4
Bg5 16. f4 Bf6 17. Nb3 Nxd4 18. Bb2 Bxb3 19. axb3 Nc2 20. Qc1 Bd4+ 21. Kh1 Ne3
22. Rd1 Bxb2 23. Qxe3 Qf6 24. g4 Rad8 25. Rxd8 Rxd8 26. gxf5 c6 27. Qxe4 a6 28.
Qe6+ Kf8 29. e4 Qxe6 30. fxe6 Rd2 31. e5 Rc2 32. Be4 Rc1+ 33. Kg2 Rxb1 34. Bxb1
Ke7 35. Kf3 Kxe6 36. Kg4 Bc3 37. Bf5+ Kf7 38. Bc8 Bxb4 39. Bxb7 a5 40. Bxc6 Bxc5
41. Bd5+ Ke7 42. h4 Be3 43. Kf5 Bc1 44. Bc4 Bd2 45. h5 1/2-1/2

[Event "Olimpiade 2022 - Open"]
[Site "Chennai"]
[Date "06.08.2022"]
[Round "8.16"]
[Board "1"]
[White "Henderson de La Fuente, Lance"]
[Black "Quesada Perez, Yasser"]
[Result "1/2-1/2"]
[WhiteTitle "GM"]
[BlackTitle "GM"]
[WhiteElo "2490"]
[BlackElo "2568"]
[WhiteTeam "Andorra"]
[BlackTeam "Cuba"]
[WhiteFideId "32096585"]
[BlackFideId "3509362"]
[EventDate "2022.07.29"]

1. e4 e5 2. Nf3 Nf6 3. Nxe5 d6 4. Nf3 Nxe4 5. d3 Nf6 6. d4 d5 7. Bd3 Bd6 8. O-O
O-O 9. Bg5 Bg4 10. Nbd2 Nbd7 11. c3 c6 12. Qc2 Qc7 13. Rfe1 Rfe8 14. Bh4 h6 15.
Bg3 Nh5 16. Bh7+ Kf8 17. Bf5 Bxf5 18. Qxf5 Nxg3 19. hxg3 g6 20. Qc2 Kg7 21. Rxe8
Rxe8 22. Re1 Qd8 23. Qd1 b5 24. Rxe8 Qxe8 25. Qe1 Qe6 26. Kf1 Nb6 27. Qxe6 fxe6
28. b3 Kf6 29. Ke2 c5 30. dxc5 Bxc5 31. Ne1 e5 32. f3 h5 33. Nd3 Bd6 34. Nf2 a5
35. g4 Ke6 36. gxh5 gxh5 37. Kd3 Bc5 38. Nh3 a4 39. c4 dxc4+ 40. bxc4 b4 41.
Ng5+ Kf5 42. Nge4 Nd7 43. Ng3+ Kg6 44. Ne2 Kf6 45. Ne4+ Ke6 46. Kc2 Be3 47. Kd3
Ba7 48. Kc2 Be3 49. Kd3 Bh6 50. Kc2 h4 51. Kd3 Bf8 52. g3 hxg3 53. N2xg3 Nc5+
54. Nxc5+ Bxc5 55. Ne2 Kf5 56. Kc2 Be3 57. Kd3 Bf2 58. Kc2 Be3 59. Kd3 Bc5 60.
Kc2 Bf8 61. Nc1 e4 62. fxe4+ Kxe4 63. Nd3 Kd4 64. Nb2 a3 65. Nd3 Be7 66. Nc1
Kxc4 67. Nb3 Bg5 68. Na5+ Kb5 69. Nb3 Kc4 70. Na5+ Kd5 71. Nb3 Kc4 72. Na5+ Kb5
73. Nb3 Bf6 74. Kd3 Bc3 75. Kc2 Kc4 76. Na5+ Kd4 77. Nb3+ Ke3 78. Nc1 Bd4 79.
Nb3 Bb6 80. Nc1 Kd4 81. Nb3+ Kc4 82. Nd2+ Kb5 83. Nb3 Ka4 84. Nc1 Be3 85. Nb3
Bb6 1/2-1/2

[Event "Olimpiade 2022 - Open"]
[Site "Chennai"]
[Date "06.08.2022"]
[Round "8.16"]
[Board "2"]
[White "Quesada Perez, Luis Ernesto"]
[Black "Fluvia Poyatos, Jordi"]
[Result "1-0"]
[WhiteTitle "GM"]
[BlackTitle "IM"]
[WhiteElo "2549"]
[BlackElo "2451"]
[WhiteTeam "Cuba"]
[BlackTeam "Andorra"]
[WhiteFideId "3520773"]
[BlackFideId "2214334"]
[EventDate "2022.07.29"]

1. d4 Nf6 2. Bg5 Ne4 3. Bf4 d5 4. e3 e6 5. Bd3 Nf6 6. Nd2 c5 7. c3 Nc6 8. Ngf3
Be7 9. Ne5 Nd7 10. h4 cxd4 11. exd4 Ncxe5 12. dxe5 Qc7 13. Nf3 Nc5 14. Bc2 Bd7
15. O-O h6 16. Re1 Bc6 17. h5 Qb6 18. Rb1 Ne4 19. Nd4 Bc5 20. Qg4 Bxd4 21. cxd4
O-O-O 22. Be3 Qc7 23. a4 Qe7 24. b4 Nc3 25. Rb3 Nxa4 26. b5 Bd7 27. Ra1 Nb6 28.
Rxa7 Kb8 29. Ra1 Nc4 30. Bd3 Nxe3 31. fxe3 b6 32. Rba3 Bc8 33. Ra8+ Kc7 34. Qe2
Bb7 35. Qc2+ Kd7 36. R1a7 Ke8 37. Rxd8+ Kxd8 38. Qc3 Qc7 39. Qb4 Kd7 40. Ra1 Rc8
41. Rf1 Ke8 42. Bg6 Rd8 43. Rxf7 Qxf7 44. Qa3 Rd7 45. Qa7 Ke7 46. Bxf7 Kxf7 47.
Qxb6 Ke7 48. Qa5 Bc8 49. Qa8 Kd8 50. Qc6 Rf7 51. Qd6+ Ke8 52. Qb8 Kd8 53. g4 Rb7
54. Qd6+ Ke8 55. b6 Rf7 56. Kg2 Rb7 57. Kg3 Rf7 58. g5 Rb7 59. Qc5 Bd7 60. g6
Kd8 61. Kf2 Ke8 62. Ke2 Kd8 63. Kd2 Ke8 64. Kc3 Rb8 65. Kb4 Rc8 66. b7 1-0

[Event "Olimpiade 2022 - Open"]
[Site "Chennai"]
[Date "06.08.2022"]
[Round "8.16"]
[Board "3"]
[White "De La Riva Aguado, Oscar"]
[Black "Ortiz Suarez, Isan Reynaldo"]
[Result "1/2-1/2"]
[WhiteTitle "GM"]
[BlackTitle "GM"]
[WhiteElo "2424"]
[BlackElo "2526"]
[WhiteTeam "Andorra"]
[BlackTeam "Cuba"]
[WhiteFideId "6900224"]
[BlackFideId "3507165"]
[EventDate "2022.07.29"]

1. e4 c5 2. Nf3 d6 3. d4 cxd4 4. Nxd4 Nf6 5. Nc3 a6 6. Bg5 e6 7. f4 h6 8. Bh4
Qb6 9. a3 Nbd7 10. Bf2 Qc7 11. Qf3 b5 12. O-O-O Bb7 13. Bd3 Nc5 14. Rhe1 d5 15.
exd5 O-O-O 16. Nc6 Rxd5 17. Nxd5 Nxd5 18. Bxc5 Bxc5 19. Ne5 Nc3 20. Qg3 Nxd1 21.
Qxg7 Rf8 22. Kxd1 Qd8 23. Kc1 Qd4 24. g3 b4 25. axb4 Qxb4 26. c3 Qa4 27. Nxf7
Bd5 28. Ne5 Rd8 29. Qh7 Bf2 30. Re2 Bb6 31. Re1 Bf2 32. Re2 Bb6 33. Re1 Bf2 1/2-1/2

[Event "Olimpiade 2022 - Open"]
[Site "Chennai"]
[Date "06.08.2022"]
[Round "8.16"]
[Board "4"]
[White "Almeida Quintana, Omar"]
[Black "Ribera Veganzones, Josep Maria"]
[Result "0-1"]
[WhiteTitle "GM"]
[BlackTitle "CM"]
[WhiteElo "2523"]
[BlackElo "2228"]
[WhiteTeam "Cuba"]
[BlackTeam "Andorra"]
[WhiteFideId "3503313"]
[BlackFideId "6900763"]
[EventDate "2022.07.29"]

1. d4 Nf6 2. Nf3 g6 3. Bf4 Bg7 4. e3 O-O 5. h3 d6 6. Be2 Nc6 7. c3 Nd7 8. O-O e5
9. Bh2 e4 10. Nfd2 f5 11. c4 Nf6 12. Nc3 Ne7 13. b4 g5 14. c5 d5 15. Qb3 Ng6 16.
f3 Kh8 17. fxe4 fxe4 18. Rxf6 Bxf6 19. Qxd5 Qe7 20. Qxe4 c6 21. Bd6 Qxe4 22.
Ndxe4 Be7 23. Bh5 g4 24. hxg4 Rf7 25. Bxg6 hxg6 26. g5 Bf5 27. Rf1 Kg8 28. Nf6+
Bxf6 29. gxf6 Re8 30. Be7 Rh7 31. Rf4 Kf7 32. g4 Bd3 33. e4 Reh8 34. Rf3 Rh1+
35. Kf2 Rf1+ 36. Ke3 Rxf3+ 37. Kxf3 Rh3+ 38. Kf4 Bc4 39. Nd1 Be2 40. Nb2 Ra3 41.
d5 Rxa2 42. d6 Ke6 43. d7 Kxd7 44. Bd6 Ke6 45. Be5 Ra3 46. Bd4 Rf3+ 47. Kg5 Rg3
48. Kf4 Rxg4+ 49. Ke3 Bb5 50. Kf3 Rh4 51. Bf2 Rh1 52. Bd4 g5 53. Kg4 Re1 54.
Kxg5 Rxe4 55. Bc3 Be2 56. Na4 Rg4+ 57. Kh6 Bb5 58. Nb2 Rg3 59. Bd4 Kf7 0-1

[Event "Olimpiade 2022 - Open"]
[Site "Chennai"]
[Date "06.08.2022"]
[Round "8.17"]
[Board "1"]
[White "Carlsen, Magnus"]
[Black "Pechac, Jergus"]
[Result "1/2-1/2"]
[WhiteTitle "GM"]
[BlackTitle "GM"]
[WhiteElo "2864"]
[BlackElo "2594"]
[WhiteTeam "Norway"]
[BlackTeam "Slovakia"]
[WhiteFideId "1503014"]
[BlackFideId "14926970"]
[EventDate "2022.07.29"]

1. c4 e5 2. e3 Nf6 3. Nc3 Nc6 4. Qb3 g6 5. d3 Bg7 6. g3 b6 7. Bg2 Bb7 8. Qd1 Qe7
9. Nge2 h5 10. h3 h4 11. g4 Nd8 12. Bxb7 Nxb7 13. e4 Nc5 14. Be3 Ne6 15. Qd2 c6
16. O-O-O O-O-O 17. d4 exd4 18. Nxd4 Nc5 19. Bg5 Ne6 20. Nxe6 dxe6 21. Qe2 e5
22. Rxd8+ Rxd8 23. Bxh4 Bh6+ 24. g5 Nd7 25. Qg4 Bf8 26. Bg3 Kc7 27. Rd1 Qb4 28.
Qe2 Qe7 29. h4 Qe6 30. f4 exf4 31. Bxf4+ Ne5 32. Rxd8 Kxd8 33. b3 Bd6 34. Qd2
Ke7 35. Kc2 Qg4 36. Qf2 Qf3 37. Be3 Ke6 38. Qxf3 Nxf3 39. Bf2 Ke5 40. Bg3+ Ke6
41. Bf2 Ke5 42. Bg3+ 1/2-1/2

[Event "Olimpiade 2022 - Open"]
[Site "Chennai"]
[Date "06.08.2022"]
[Round "8.17"]
[Board "2"]
[White "Gazik, Viktor"]
[Black "Tari, Aryan"]
[Result "1-0"]
[WhiteTitle "IM"]
[BlackTitle "GM"]
[WhiteElo "2544"]
[BlackElo "2672"]
[WhiteTeam "Slovakia"]
[BlackTeam "Norway"]
[WhiteFideId "14928752"]
[BlackFideId "1510045"]
[EventDate "2022.07.29"]

1. e4 c5 2. Nf3 d6 3. Nc3 Nf6 4. e5 dxe5 5. Nxe5 a6 6. g3 Qd6 7. Nf3 Nc6 8. Bg2
e5 9. d3 h6 10. O-O Be7 11. Nd2 Bg4 12. Nc4 Qd8 13. Bxc6+ bxc6 14. f3 Be6 15.
Qe2 Nd7 16. Kg2 O-O 17. Bd2 Re8 18. Rae1 Bf8 19. b3 f6 20. Na4 Rb8 21. Qf2 Bd5
22. Ba5 Qc8 23. Ncb6 Nxb6 24. Bxb6 Be6 25. Kh1 c4 26. dxc4 Bh3 27. Rg1 e4 28.
fxe4 c5 29. Bxc5 Qc6 30. Bxf8 Rxe4 31. Qf3 Bg4 32. Qg2 f5 33. Bc5 Rbe8 34. Ref1
g5 35. Rf2 R8e5 36. Bd4 Re6 37. c3 Qe8 38. Nc5 Qh5 39. Nxe6 Bh3 40. Qf3 Bg4 41.
Qxe4 fxe4 42. Rf8+ Kh7 43. Nxg5+ Kg6 44. Rg8+ Kf5 45. Rf1+ 1-0

[Event "Olimpiade 2022 - Open"]
[Site "Chennai"]
[Date "06.08.2022"]
[Round "8.17"]
[Board "3"]
[White "Hammer, Jon Ludvig"]
[Black "Druska, Juraj"]
[Result "1-0"]
[WhiteTitle "GM"]
[BlackTitle "IM"]
[WhiteElo "2638"]
[BlackElo "2519"]
[WhiteTeam "Norway"]
[BlackTeam "Slovakia"]
[WhiteFideId "1503707"]
[BlackFideId "14915650"]
[EventDate "2022.07.29"]

1. e4 c5 2. Nf3 Nc6 3. Bb5 e6 4. O-O Nge7 5. d4 cxd4 6. Nxd4 Ng6 7. Be3 Be7 8.
Be2 O-O 9. c4 b6 10. Nb5 d6 11. N1c3 Bb7 12. Qd2 a6 13. Na3 Rb8 14. f4 Re8 15.
Rfd1 Nf8 16. Rac1 Ba8 17. Bf3 Qc8 18. Nd5 Bd8 19. b4 Nd7 20. Nb5 axb5 21. cxb5
exd5 22. bxc6 Nf6 23. exd5 b5 24. Ba7 Bb6+ 25. Bxb6 Rxb6 26. Re1 Kf8 27. Rxe8+
Nxe8 28. Qc2 h6 29. Qh7 Nf6 30. Qh8+ Ng8 31. Re1 Ra6 32. Be4 f5 33. Bf3 Bxc6 34.
dxc6 Rxc6 35. Bd5 1-0

[Event "Olimpiade 2022 - Open"]
[Site "Chennai"]
[Date "06.08.2022"]
[Round "8.17"]
[Board "4"]
[White "Repka, Christopher"]
[Black "Urkedal, Frode Olav Olsen"]
[Result "1/2-1/2"]
[WhiteTitle "GM"]
[BlackTitle "GM"]
[WhiteElo "2516"]
[BlackElo "2555"]
[WhiteTeam "Slovakia"]
[BlackTeam "Norway"]
[WhiteFideId "14918781"]
[BlackFideId "1506102"]
[EventDate "2022.07.29"]

1. d4 Nf6 2. c4 e6 3. Nc3 Bb4 4. e3 O-O 5. Bd3 d5 6. Nf3 dxc4 7. Bxc4 c5 8. O-O
cxd4 9. exd4 b6 10. Qa4 Be7 11. Be3 Bb7 12. Ne5 Qe8 13. Bb5 Qd8 14. Qb3 Nd5 15.
Bc4 Nxc3 16. bxc3 Kh8 17. f4 Nc6 18. Nxc6 Bxc6 19. f5 Bd6 20. f6 gxf6 21. d5
exd5 22. Bd3 Rg8 23. Bd4 Be5 24. Rf5 Rg5 25. Raf1 Rxf5 26. Bxf5 Qe7 27. Qd1 Rg8
28. Qh5 Rg7 29. Qh4 Bxd4+ 30. cxd4 Qe3+ 31. Kh1 Bb5 32. Re1 Qd2 33. Rg1 Bf1 34.
Bh3 Bd3 35. Qxf6 Qg5 36. Qd6 Be4 37. Qf8+ Rg8 38. Qxf7 Qg7 39. Qxg7+ Rxg7 40.
Rc1 Re7 41. Kg1 Bd3 42. Rc8+ Kg7 43. a3 a5 44. Rd8 b5 45. Bg4 b4 46. axb4 axb4
47. Rb8 Re4 48. Bf3 Rxd4 49. Kf2 Bc2 50. Ke3 Rd3+ 51. Kf4 b3 52. Ke5 d4 53. Bd5
Rd2 54. Bxb3 d3 55. Kd4 Rf2 56. Kc3 Bxb3 57. Rxb3 Rxg2 58. Kxd3 Rxh2 59. Rb6 Rf2
60. Ke3 Rf7 1/2-1/2

[Event "Olimpiade 2022 - Open"]
[Site "Chennai"]
[Date "06.08.2022"]
[Round "8.18"]
[Board "1"]
[White "Vallejo Pons, Francisco"]
[Black "Amin, Bassem"]
[Result "1-0"]
[WhiteTitle "GM"]
[BlackTitle "GM"]
[WhiteElo "2702"]
[BlackElo "2680"]
[WhiteTeam "Spain"]
[BlackTeam "Egypt"]
[WhiteFideId "2205530"]
[BlackFideId "10601457"]
[EventDate "2022.07.29"]

1. d4 Nf6 2. c4 g6 3. Nc3 Bg7 4. e4 d6 5. Be2 O-O 6. Be3 Na6 7. h4 e5 8. d5 Nc5
9. Qc2 c6 10. h5 cxd5 11. cxd5 Qa5 12. h6 Bh8 13. f3 Bd7 14. Rb1 Na4 15. Bd3
Rfc8 16. Ne2 Qd8 17. Qd2 Nxc3 18. Nxc3 a6 19. g4 Be8 20. O-O Nd7 21. Rbc1 Bf6
22. Rc2 b5 23. Rfc1 Nc5 24. Nd1 Nxd3 25. Qxd3 Rxc2 26. Qxc2 Qb8 27. Nf2 Bd8 28.
g5 Bd7 29. Ng4 Qb7 30. Nf6+ Bxf6 31. Qc7 Qxc7 32. Rxc7 Be7 33. Rxd7 Kf8 34. Rc7
Bd8 35. Rd7 Be7 36. Rc7 Bd8 37. Rc6 Ke7 38. Bb6 a5 39. Kf2 Rb8 40. Bc7 Rc8 41.
Bxa5 Rxc6 42. Bxd8+ Kxd8 43. dxc6 Kc7 44. Ke3 Kxc6 45. a3 1-0

[Event "Olimpiade 2022 - Open"]
[Site "Chennai"]
[Date "06.08.2022"]
[Round "8.18"]
[Board "2"]
[White "Adly, Ahmed"]
[Black "Anton Guijarro, David"]
[Result "0-1"]
[WhiteTitle "GM"]
[BlackTitle "GM"]
[WhiteElo "2582"]
[BlackElo "2667"]
[WhiteTeam "Egypt"]
[BlackTeam "Spain"]
[WhiteFideId "10601619"]
[BlackFideId "2285525"]
[EventDate "2022.07.29"]

1. d4 Nf6 2. Nf3 d5 3. c4 e6 4. g3 Bb4+ 5. Nbd2 O-O 6. Bg2 dxc4 7. a3 Bxd2+ 8.
Bxd2 Nc6 9. e3 Qd7 10. Rc1 b5 11. b3 Rb8 12. O-O a5 13. Ne5 Nxe5 14. dxe5 Nd5
15. Bxa5 Rd8 16. bxc4 bxc4 17. e4 Nb6 18. Qg4 Qb5 19. Bb4 Rd3 20. Rfd1 Ba6 21.
f4 Na4 22. Be7 Rxd1+ 23. Rxd1 c3 24. Bf6 g6 25. f5 c2 26. Rc1 Qd3 27. h4 Qe3+
28. Kh2 Qxc1 29. fxe6 Qd2 30. exf7+ Kxf7 31. Bg5 Be2 32. Qh3 c1=Q 33. e6+ Ke8 0-1

[Event "Olimpiade 2022 - Open"]
[Site "Chennai"]
[Date "06.08.2022"]
[Round "8.18"]
[Board "3"]
[White "Santos Latasa, Jaime"]
[Black "Hesham, Abdelrahman"]
[Result "1-0"]
[WhiteTitle "GM"]
[BlackTitle "GM"]
[WhiteElo "2675"]
[BlackElo "2386"]
[WhiteTeam "Spain"]
[BlackTeam "Egypt"]
[WhiteFideId "2293307"]
[BlackFideId "10600183"]
[EventDate "2022.07.29"]

1. d4 Nf6 2. c4 g6 3. Nc3 Bg7 4. e4 O-O 5. Be3 c6 6. e5 Ne8 7. f4 d6 8. Nf3 c5
9. dxc5 Nc6 10. Be2 Bg4 11. exd6 exd6 12. Qd2 Ne7 13. O-O-O Nf5 14. Bf2 Qa5 15.
cxd6 Nexd6 16. Ne5 Bxe2 17. Qxe2 Rfe8 18. c5 Qb4 19. g3 Rxe5 20. fxe5 Nc4 21.
Nd5 Qa4 22. Nc3 Qb4 23. Rhe1 Nxe5 24. Qb5 a5 25. a3 Qxb5 26. Nxb5 Nf3 27. Re2
Nxh2 28. Nd6 Ng4 29. Nxf5 gxf5 30. Rd5 Rc8 31. Rxf5 b6 32. Bg1 bxc5 33. Rxc5 Ra8
34. Rec2 1-0

[Event "Olimpiade 2022 - Open"]
[Site "Chennai"]
[Date "06.08.2022"]
[Round "8.18"]
[Board "4"]
[White "Wageih, Kareim"]
[Black "Iturrizaga Bonelli, Eduardo"]
[Result "1/2-1/2"]
[WhiteTitle "IM"]
[BlackTitle "GM"]
[WhiteElo "2387"]
[BlackElo "2619"]
[WhiteTeam "Egypt"]
[BlackTeam "Spain"]
[WhiteFideId "10604561"]
[BlackFideId "3901211"]
[EventDate "2022.07.29"]

1. d4 Nf6 2. c4 e6 3. g3 c5 4. d5 exd5 5. cxd5 d6 6. Nc3 g6 7. Bg2 Bg7 8. Nf3
O-O 9. O-O Re8 10. Bf4 h6 11. h3 a6 12. a4 g5 13. Bc1 Bf5 14. Nd2 Nbd7 15. e4
Bh7 16. Nc4 Nb6 17. Nxb6 Qxb6 18. a5 Qd8 19. Re1 Nd7 20. Be3 Ne5 21. Ra4 f5 22.
f4 gxf4 23. gxf4 Ng6 24. e5 dxe5 25. fxe5 Bxe5 26. Bxc5 Rc8 27. Bf2 Qd6 28. Qf3
Re7 29. Kh1 Rg7 30. Bf1 Kh8 31. Bg2 Rcg8 32. Ne2 Bh2 33. Ng3 Nh4 34. Rxh4 Bxg3
35. Re6 Qc7 36. Rhxh6 Bxf2 37. Qxf2 Qc1+ 38. Bf1 Qg5 39. d6 f4 40. Qd4 Qg1+ 1/2-1/2

[Event "Olimpiade 2022 - Open"]
[Site "Chennai"]
[Date "06.08.2022"]
[Round "8.19"]
[Board "1"]
[White "Kadric, Denis"]
[Black "Wojtaszek, Radoslaw"]
[Result "1-0"]
[WhiteTitle "GM"]
[BlackTitle "GM"]
[WhiteElo "2554"]
[BlackElo "2708"]
[WhiteTeam "Montenegro"]
[BlackTeam "Poland"]
[WhiteFideId "14403803"]
[BlackFideId "1118358"]
[EventDate "2022.07.29"]

1. e4 e5 2. Nf3 Nc6 3. Nc3 Nf6 4. d4 exd4 5. Nxd4 Bb4 6. Nxc6 bxc6 7. Bd3 d5 8.
exd5 cxd5 9. O-O O-O 10. Bg5 Be6 11. Qf3 h6 12. Bxf6 Qxf6 13. Qxf6 gxf6 14. Nb5
c5 15. Nc7 Rad8 16. Na6 Rc8 17. Nxb4 cxb4 18. b3 a5 19. Rfb1 Rc5 20. a3 Rb8 21.
Rb2 d4 22. axb4 Rxb4 23. Rba2 Bf5 24. Bxf5 Rxf5 25. Rd1 Rd5 26. Rd3 Kf8 27. c4
Re5 28. Kf1 Rb7 29. g3 Rb8 30. Rf3 Ke7 31. Rd2 Re4 32. Rfd3 f5 33. Ra2 Re5 34.
f4 Rc5 35. Ke1 h5 36. Kd1 Rb4 37. Kc2 h4 38. gxh4 Rb6 39. Rxd4 Rh6 40. b4 axb4
41. Kb3 Rxh4 42. Kxb4 Rc8 43. c5 Rg4 44. Re2+ Kf8 45. Rc4 Rg6 46. Rec2 Rb8+ 47.
Kc3 Rc6 48. Rd2 Rb1 49. Rb2 Rc1+ 50. Kd4 Rd1+ 51. Kc3 Ke7 52. Kb4 Rc8 53. Kc3
Rc6 54. Re2+ Kf6 55. Rd2 Rh1 56. Kd4 Ke6 57. Rcc2 f6 58. Re2+ Kd7 59. Kc4 Rf1
60. Rcd2+ Kc8 61. Re8+ Kc7 62. Re7+ Kc8 63. Kd5 Ra6 64. Rd4 Rc1 65. h4 Kd8 66.
Re6 1-0

[Event "Olimpiade 2022 - Open"]
[Site "Chennai"]
[Date "06.08.2022"]
[Round "8.19"]
[Board "2"]
[White "Piorun, Kacper"]
[Black "Djukic, Nikola"]
[Result "1/2-1/2"]
[WhiteTitle "GM"]
[BlackTitle "GM"]
[WhiteElo "2636"]
[BlackElo "2526"]
[WhiteTeam "Poland"]
[BlackTeam "Montenegro"]
[WhiteFideId "1130420"]
[BlackFideId "922412"]
[EventDate "2022.07.29"]

1. d4 Nf6 2. c4 g6 3. g3 c6 4. Bg2 d5 5. Nf3 Bg7 6. a4 O-O 7. O-O Na6 8. cxd5
cxd5 9. Nc3 Nb4 10. a5 Nc6 11. Bd2 Ne4 12. Be1 Bf5 13. e3 Qd7 14. Qb3 Rfd8 15.
Nh4 Nxc3 16. Bxc3 Be4 17. Rfc1 Bxg2 18. Nxg2 e5 19. dxe5 Bxe5 20. Rd1 d4 21. Ra4
d3 22. Nf4 Bxc3 23. Rxd3 Qf5 24. Qxc3 Rxd3 25. Qxd3 Qxd3 26. Nxd3 Rd8 27. Ra3
Nxa5 28. Rxa5 Rxd3 29. Rxa7 Rb3 30. Ra2 Kg7 31. Kf1 g5 32. Ke2 Rb6 33. Kd3 Rh6
34. Ra5 Rxh2 35. Ke2 Kg6 36. Rb5 h5 37. Rxb7 h4 38. gxh4 gxh4 39. Rb8 Rh1 40.
Kf3 h3 41. b4 h2 42. Kg2 Rf1 43. Kxh2 Rxf2+ 44. Kg3 Rb2 45. Kf4 Kf6 46. Rb6+ Ke7
47. e4 Rb1 48. Rb5 f6 49. Ke3 Kd6 50. Rd5+ Kc6 51. Rd4 Kb5 52. Kf4 Rf1+ 53. Kg4
Rf2 54. Kh4 Rg2 55. Kh3 Rg8 56. Kh4 Rg7 57. Kh5 Rg5+ 58. Kh6 Rg8 59. Rd6 Re8 60.
Rxf6 1/2-1/2

[Event "Olimpiade 2022 - Open"]
[Site "Chennai"]
[Date "06.08.2022"]
[Round "8.19"]
[Board "3"]
[White "Draskovic, Luka"]
[Black "Moranda, Wojciech"]
[Result "1/2-1/2"]
[WhiteTitle "IM"]
[BlackTitle "GM"]
[WhiteElo "2503"]
[BlackElo "2636"]
[WhiteTeam "Montenegro"]
[BlackTeam "Poland"]
[WhiteFideId "944335"]
[BlackFideId "1122401"]
[EventDate "2022.07.29"]

1. Nf3 d5 2. g3 Nd7 3. d4 Nb6 4. Bg2 Bf5 5. O-O e6 6. Nc3 Be7 7. Re1 Nf6 8. Nh4
O-O 9. Nxf5 exf5 10. Qd3 g6 11. Bg5 c6 12. f3 Re8 13. e4 fxe4 14. fxe4 dxe4 15.
Nxe4 Nxe4 16. Bxe7 Rxe7 17. Rxe4 Rxe4 18. Qxe4 Qf8 19. c3 Re8 20. Qd3 Qe7 21.
Bf3 Qg5 22. Rf1 Re3 23. Qc2 Nc4 24. b3 Nd6 25. Qc1 h6 26. Kf2 Nf5 27. Re1 Rd3
28. Qxg5 hxg5 29. g4 Nh4 30. Re3 Rd2+ 31. Re2 Rd3 32. Re3 Rd2+ 33. Re2 Rd3 1/2-1/2

[Event "Olimpiade 2022 - Open"]
[Site "Chennai"]
[Date "06.08.2022"]
[Round "8.19"]
[Board "4"]
[White "Bartel, Mateusz"]
[Black "Blagojevic, Dragisa"]
[Result "1-0"]
[WhiteTitle "GM"]
[BlackTitle "GM"]
[WhiteElo "2597"]
[BlackElo "2499"]
[WhiteTeam "Poland"]
[BlackTeam "Montenegro"]
[WhiteFideId "1112635"]
[BlackFideId "900885"]
[EventDate "2022.07.29"]

1. c4 e6 2. Nc3 d5 3. d4 c6 4. Nf3 Nf6 5. Qd3 dxc4 6. Qxc4 b5 7. Qd3 Bb7 8. e4
b4 9. Na4 Nbd7 10. Bf4 Be7 11. Nd2 O-O 12. Rc1 a5 13. Be2 Ba6 14. Qe3 Bb5 15. b3
Rc8 16. O-O Bxa4 17. bxa4 c5 18. Nb3 cxd4 19. Qxd4 Nc5 20. Qxd8 Rfxd8 21. Nxc5
Rxc5 22. f3 Rdc8 23. Ba6 R8c6 24. Bb5 Rc8 25. Be3 Rc3 26. Rfd1 Kf8 27. Kf1 Bc5
28. Bd2 Rxc1 29. Rxc1 Rd8 30. Bf4 Be7 31. Rc6 Nd7 32. Ke2 g5 33. Bc7 Ra8 34. Kd3
Bf6 35. Bd6+ Kg7 36. Rc7 Ne5+ 37. Kc2 g4 38. f4 Ng6 39. Bc4 Kg8 40. f5 Nf8 41.
e5 Bd8 42. Rb7 Rc8 43. Kd3 h5 44. Bxf8 Kxf8 45. Rxf7+ Ke8 46. Bxe6 Rc5 47. Ke4 1-0

[Event "Olimpiade 2022 - Open"]
[Site "Chennai"]
[Date "06.08.2022"]
[Round "8.20"]
[Board "1"]
[White "Adams, Michael"]
[Black "Dardha, Daniel"]
[Result "1/2-1/2"]
[WhiteTitle "GM"]
[BlackTitle "GM"]
[WhiteElo "2696"]
[BlackElo "2575"]
[WhiteTeam "England"]
[BlackTeam "Belgium"]
[WhiteFideId "400041"]
[BlackFideId "240990"]
[EventDate "2022.07.29"]

1. e4 e5 2. Nf3 Nc6 3. Bb5 Nf6 4. d3 d6 5. O-O a6 6. Bxc6+ bxc6 7. d4 exd4 8.
Nxd4 c5 9. Nc6 Qd7 10. Na5 Qa4 11. Bd2 Bg4 12. f3 Be6 13. c4 Qxd1 14. Rxd1 Nd7
15. Nc3 Be7 16. Nd5 Bxd5 17. cxd5 O-O 18. g4 Bf6 19. Rab1 Rab8 20. b4 Ne5 21.
Kg2 g5 22. Be1 cxb4 23. Bxb4 Rb5 24. Rb3 Rfb8 25. Bd2 Nd7 26. Rdb1 Kg7 27. Nc6
Ra8 28. a4 Rc5 29. Rc1 Rxc1 30. Bxc1 a5 31. Be3 Ne5 32. Nxe5 Bxe5 33. Bxg5 Rc8
34. Be3 c5 35. dxc6 Rxc6 36. f4 Rc2+ 37. Kf1 Bf6 38. g5 Ba1 39. Rb5 Rc4 40. Rxa5
Rxe4 41. Bd2 d5 42. Kf2 Rc4 43. Ke2 h6 44. h4 hxg5 45. hxg5 Rc2 46. Kd3 Ra2 47.
f5 Ra3+ 48. Kc2 Ra2+ 49. Kb1 Rxd2 50. Kxa1 f6 51. Ra7+ Kg8 52. Ra8+ Kg7 53.
gxf6+ Kxf6 54. a5 Rc2 55. a6 Rc7 56. Kb2 Kxf5 57. a7 Rf7 58. Kc3 d4+ 59. Kxd4
Rd7+ 60. Kc5 Rf7 61. Kd6 Kf6 62. Kd5 Kf5 63. Kc5 Kf4 64. Kc4 Kf5 65. Kd5 Rd7+
66. Kc6 Rf7 67. Kd6 Kf6 68. Kc5 1/2-1/2

[Event "Olimpiade 2022 - Open"]
[Site "Chennai"]
[Date "06.08.2022"]
[Round "8.20"]
[Board "2"]
[White "Docx, Stefan"]
[Black "McShane, Luke J"]
[Result "1/2-1/2"]
[WhiteTitle "IM"]
[BlackTitle "GM"]
[WhiteElo "2434"]
[BlackElo "2649"]
[WhiteTeam "Belgium"]
[BlackTeam "England"]
[WhiteFideId "200778"]
[BlackFideId "404853"]
[EventDate "2022.07.29"]

1. d4 Nf6 2. c4 e6 3. Nc3 Bb4 4. Qc2 d5 5. cxd5 Qxd5 6. Nf3 Qf5 7. Qb3 c5 8. a3
Ba5 9. Qc4 Nc6 10. dxc5 Qd5 11. Nd2 Qxc4 12. Nxc4 Bxc3+ 13. bxc3 Ne4 14. a4 e5
15. g3 Be6 16. Bg2 Bxc4 17. Bxe4 O-O-O 18. Bxc6 bxc6 19. f3 e4 20. f4 e3 21. Rb1
Rd7 22. Rb2 Re8 23. Rf1 f5 24. Rb4 Bd5 25. a5 Rb7 26. Rg1 h5 27. h3 Rb5 28. Rxb5
cxb5 29. g4 fxg4 30. Rg3 Be6 31. Rxe3 gxh3 32. Kf2 Kd7 33. Re5 g6 34. e4 Kc6 35.
Kg3 Bd7 36. Rxe8 Bxe8 37. Kxh3 Kxc5 38. Be3+ Kc4 39. Bxa7 Kxc3 40. a6 b4 41. Bc5
b3 42. Ba3 Kd4 43. a7 Bc6 44. f5 gxf5 45. exf5 Ke5 46. Kh4 Kxf5 47. Kxh5 Ke5 1/2-1/2